Talking to strangers (Record no. 59602)
[ view plain ]
| 000 -LEADER | |
|---|---|
| fixed length control field | 01945nam a22003854a 4500 |
| 082 04 - DEWEY DECIMAL CLASSIFICATION NUMBER | |
| Classification number | 305.896/073 |
| 100 1# - MAIN ENTRY--AUTHOR NAME | |
| Personal name | Allen, Danielle S., |
| 245 10 - TITLE STATEMENT | |
| Title | Talking to strangers |
| 260 ## - PUBLICATION, DISTRIBUTION, ETC. (IMPRINT) | |
| Place of publication | Chicago : |
| Name of publisher | University of Chicago Press, |
| Year of publication | c2004. |
| 300 ## - PHYSICAL DESCRIPTION | |
| Number of Pages | xxii, 232 p. : |
| Other physical details | ill. |
| 505 0# - FORMATTED CONTENTS NOTE | |
| Formatted contents note | Loss -- Little Rock, a new beginning -- Old myths and new epiphanies -- Sacrifice, a democratic fact -- Sacrifice and citizenship -- Why we have bad habits -- Imperfect democracy -- Imperfect people -- Imperfect pearls/imperfect ideals -- New democratic vistas -- Beyond invisible citizens -- Brotherhood, love, and political friendship -- Rhetoric, a good thing -- Epilogue: powerful citizens. |
| 650 #0 - SUBJECT ADDED ENTRY--TOPICAL TERM | |
| Topical Term | Political participation |
| Topical Term | Cultural pluralism |
| Topical Term | Civil society |
| Topical Term | Trust |
| Topical Term | Intergroup relations |
| 856 40 - ELECTRONIC LOCATION AND ACCESS | |
| Uniform Resource Identifier | http://site.ebrary.com/lib/rucke/Doc?id=10317887 |
No items available.
